| 000 | 00856nam a22001577a 4500 | ||
|---|---|---|---|
| 999 |
_c210451 _d210451 |
||
| 005 | 20211029145856.0 | ||
| 008 | 211029b2021 ||||| |||| 00| 0 eng | ||
| 020 | _a9781943689132 | ||
| 100 |
_9148 _aJames Grimmelmann |
||
| 245 |
_aInternet Law: _bCases and problems |
||
| 250 | _a11th | ||
| 260 |
_aOregon City, United States _bSemaphore Press _c2021 |
||
| 300 | _a775 pages | ||
| 505 | _aPreliminary Pages P.2 to 10; Introduction P. 11 to 18; Chapter 1: Computers P. 19 to 56; Chapter 2: Jurisdictions P. 57 to 122; Chapter 3: Speech P. 123 to 224; Chapter 4: Privacy P. 225 to 336; Chapter 5: Access to computers P. 337 to 378; Chapter 6: Trademark P. 379 to 412; Chapter 7: Copyright P. 413 to 540; Chapter 8: Patent P. 541 to 556; Chapter 9: Platforms P. 557 to 688; Chapter 10: Beyond the internet P. 689 to 775. | ||
| 942 |
_2ddc _cEBK |
||